Introducción a la bibliografía : los repertorios bibliográficos y su elaboración /

Contenido: 1. Introducción; 2. La elaboración de repertorios; 3. Características y limitaciones de los repertorios; 4. La búsqueda del material: las fuentes de información; 5. La descripción bibliográfica y sus posibilidades; 6. El libro antiguo: características y problemas de descripción; 7. La ord...

Fuld beskrivelse

Guardado en:
Bibliografiske detaljer
Hovedforfatter: Delgado Casado, Juan (autor)
Format: Bog
Sprog:spansk
Udgivet: Madrid, España : Arco Libros, 2005, c2005
Serier:(Instrumenta Bibliológica)
Fag:
Tags: Tilføj Tag
Ingen Tags, Vær først til at tagge denne postø!

MARC

LEADER 00000nam^a2200000^a^4500
001 000262358
005 20250521000000.0
009 20260310110540.356
020 |a 84-7635-604-8 
037 |a Acervo ITESO - Biblioteca 
041 |a ESP 
082 |a 010. 44  |b DEL 
100 |a Delgado Casado, Juan  |e (autor) 
245 1 0 |a Introducción a la bibliografía :  |b los repertorios bibliográficos y su elaboración /  |c J. Delgado Casado. 
264 4 |a Madrid, España :  |b Arco Libros,  |c 2005, c2005 
300 |a 297 p. 
336 |a texto  |b txt  |2 rdacontenido 
337 |a sin mediación  |b n  |2 rdamedio 
338 |a volumen  |b nc  |2 rdasoporte 
440 1 |a (Instrumenta Bibliológica) 
520 |a Contenido: 1. Introducción; 2. La elaboración de repertorios; 3. Características y limitaciones de los repertorios; 4. La búsqueda del material: las fuentes de información; 5. La descripción bibliográfica y sus posibilidades; 6. El libro antiguo: características y problemas de descripción; 7. La ordenación del material; 8. Estructura y presentación de los repertorios; 9. La recuperación de la información: los índices. 
649 |a XX 
650 |a Bibliografías -  |x Tema Principal 
650 |a Bibliografías -  |x Metodología 
650 |a Metodología 
650 |a Biblioteconomía 
910 |a Fondo General 
920 |a Impresos - Libros 
930 |a Obras de Referencia 
940 |a Biblioteconomía 
905 |a 102 
901 |a 0500143145  |b IT2  |c REF  |u 20250521 
902 |a https://opac.biblio.iteso.mx/vufind/Record/000262358